000
00215 a2200097 4500
001
10035
100
_a
Stamp, L.D.
245
_a
Intermediate commercial geography, An.
260
_a
_b
Green
_c
090
_c
7790
_d
7790
942
_a
NUST-CAE
_c
M
_c
34478
999
_c
245108
_d
245108